Jean-Paul II et les évêques de France. Visites ad limina (24 nov. 2003 –28 février 2004), préf. Mgr J.-P. Ricard, coll. Documents d’Église, Paris, Bayard / Fleurus-Mame / Cerf, 2004, 22x15, 172 p., 20 €. ISBN 2-227-47422-X (notice n° 1620763)
[ vue normale ]
| 000 -LEADER | |
|---|---|
| fixed length control field | 00639cam a2200133 4500500 |
| 005 - DATE AND TIME OF LATEST TRANSACTION | |
| control field | 20260111091250.0 |
| 041 ## - LANGUAGE CODE | |
| Language code of text/sound track or separate title | fre |
| 042 ## - AUTHENTICATION CODE | |
| Authentication code | dc |
| 245 00 - TITLE STATEMENT | |
| Title | Jean-Paul II et les évêques de France. Visites ad limina (24 nov. 2003 –28 février 2004), préf. Mgr J.-P. Ricard, coll. Documents d’Église, Paris, Bayard / Fleurus-Mame / Cerf, 2004, 22x15, 172 p., 20 €. ISBN 2-227-47422-X |
| 260 ## - PUBLICATION, DISTRIBUTION, ETC. | |
| Date of publication, distribution, etc. | 2005.<br/> |
| 500 ## - GENERAL NOTE | |
| General note | 1 |
| 786 0# - DATA SOURCE ENTRY | |
| Note | Nouvelle revue théologique | 127 | 4 | 2005-12-15 | p. 623f-626f | 0029-4845 |
| 856 41 - ELECTRONIC LOCATION AND ACCESS | |
| Uniform Resource Identifier | <a href="https://shs.cairn.info/revue-nouvelle-revue-theologique-2005-4-page-623f?lang=fr&redirect-ssocas=7080">https://shs.cairn.info/revue-nouvelle-revue-theologique-2005-4-page-623f?lang=fr&redirect-ssocas=7080</a> |
Pas d'exemplaire disponible.




Réseaux sociaux